00533nam a22001817a 450000500170000001000150001702000260003202000220005803500130008003700130009308200150010610000200012124500580014126000410019927000410024030000200028150000500030120150612122308.0 aENG-113013 a9788189846541c350.00 a818984654c350.00 aEN-96545 bDBAD/PUB a615.880954 aPahari, Subrata aTravails of traditional medicine /cby Subrata Pahari aKolkatabPragatishil Prokashakc2013 a374, College Streetbkolkatae700073 a375p.c23cm(Hb) aIncludes bibliographical references and index